Ray Stevenson Filmography - Statistics

General Stats
  • This quiz has been taken 12 times
    3 since last reset
  • The average score is 10 of 67
Answer Stats
Type Year Name % Correct
Film 2011 Thor
100%
Film 2017 Thor: Ragnarok
100%
Film 2013 Thor: The Dark World
100%
Web Mini-Series 2023 Ahsoka
67%
TV Show 2016-2017 Black Sails
67%
Film 2017 Cold Skin
67%
Film 2013 G.I. Joe: Retaliation
67%
Film 2008 Outpost
67%
Film 2008 Punisher: War Zone
67%
TV Show 2005-2007 Rome
67%
Film 2010 The Book of Eli
67%
Film 2010 The Other Guys
67%
Film 2018 Accident Man
33%
Film 2022 Roudram Ranam Rudhiram
33%
Film 2022 Accident Man: Hitman's Holiday
0%
TV Show 2001-2002 At Home with the Braithwaites
0%
TV Show 1993 A Woman's Guide to Adultery
0%
TV Film 2007 Babylon Fields
0%
TV Show 1995-1996 Band of Gold
0%
Film 2014 Big Game
0%
Film 2024 Canary Black
0%
Film 2009 Cirque de Freak: The Vampire's Assistant
0%
TV Show 1998-1999 City Central
0%
TV Show 2014 Crossing Lines
0%
TV Show 2001 Dalziel and Pascoe
0%
TV Show 2022 Das Boot
0%
TV Show 2012 Dexter
0%
Film 2014 Divergent
0%
TV Mini-Series 1997 Drovers' Gold
0%
Film 2018 Final Score
0%
Film TBA Gateway to the West
0%
Film 1999 G:MT - Greenwich Mean Time
0%
TV Film 2002 Green-Eyed Monster
0%
TV Show 2000 Holby City
0%
Film 2012 Jayne Mansfield's Car
0%
Film 2011 Kill the Irishman
0%
Film 2004 King Arthur
0%
TV Film 2007 Life Line
0%
TV Show 1999 Love in the 21st Century
0%
TV Show 2019 Medici
0%
Film 2022 Memory
0%
Theater 2001 Mouth to Mouth
0%
TV Show 2003 Murphy's Law
0%
TV Show 1997 Peak Practice
0%
TV Show 1999 Real Women II
0%
TV Show 2003 Red Cap
0%
TV Show 2019 Reef Break
0%
TV Mini-Series 2017 Rellik
0%
TV Mini-Series 2015 Saints & Strangers
0%
TV Show 2016, 2017 Star Wars Rebels
0%
Web Series 2020 Star Wars: The Clone Wars
0%
TV Show 2000 The Bill
0%
Film 2016 The Divergent Series: Allegiant
0%
Film 2015 The Divergent Series: Insurgent
0%
Theater 2003 The Duchess of Malfi
0%
TV Mini-Series 1994 The Dwelling Place
0%
Short Film 2013 The Key
0%
TV Film 1994 The Return of the Native
0%
TV Show 2020 The Spanish Princess
0%
TV Show 2009 The Super Hero Squad Show
0%
Film 1998 The Theory of Flight
0%
Film 2011 The Three Musketeers
0%
TV Mini-Series 1996 The Tide of Life
0%
Film 2015 The Transporter Refueled
0%
TV Show 2020 Vikings
0%
TV Show 2004 Waking the Dead
0%
Theater 2000 York Mystery Plays
0%
No matching quizzes found
Score Distribution
Percent of People with Each Score
Percentile by Number Answered
Your Score History
You have not taken this quiz since the last reset